Visita del Mariscal Papagos
Descripción Física:
Il·lustracions
Colección:
San Jorge,
; núm. 16 (octubre 1954), pàg 121
Materias:
Papagos, Aléxandros, -- 1883-1955
; Militars -- Grècia
; Visites oficials -- Barcelona (Catalunya)
Idioma:
Español
MARC
| LEADER | 00000naa a2200000 a 4500 | ||
|---|---|---|---|
| 003 | Arxiu | ||
| 005 | 20260324181037.0 | ||
| 008 | 160829s1954 spcaxx s spa c | ||
| 040 | |a AGDB | ||
| 245 | |a Visita del Mariscal Papagos | ||
| 300 | |b Il·lustracions | ||
| 490 | |a San Jorge, |v núm. 16 (octubre 1954), pàg 121 | ||
| 600 | 1 | 0 | |9 55215 |a Papagos, Aléxandros, |d 1883-1955 |
| 650 | 0 | |a Militars |9 55216 |z Grècia | |
| 650 | 0 | |a Visites oficials |9 31008 |z Barcelona (Catalunya) | |
| 773 | |g Núm. 16 (octubre 1954), pàg 121 |t San Jorge. | ||
| 901 | |a Arxiu | ||
| 942 | |n 1 |2 udc |c ART | ||
| 952 | |0 0 |1 0 |4 0 |6 REV509 |7 1 |9 65062 |a Arxiu |b Arxiu |d 2023-01-18 |l 0 |o Rev-509 |r 2023-01-18 00:00:00 |w 2023-01-18 |y ARXIU |z També disponible a Rev-523 | ||
| 999 | |c 48536 |d 48536 | ||